Statistiken für Alle Länderflaggen der Welt

Klicken Sie hier um das Quiz zu spielen!

Allgemein

  • Dieses Quiz wurde 117 mal gespielt
  • Das Durchschnittsergebnis liegt bei 139 aus 196

Antwortstatistiken

Antwort% Korrekt
Vereinigte Staaten
100%
Kanada
97%
Australien
95%
Brasilien
95%
Frankreich
95%
Italien
95%
Neuseeland
95%
Norwegen
95%
Schweiz
95%
Belgien
94%
Deutschland
94%
Finnland
94%
Irland
94%
Japan
94%
Russland
94%
Schweden
94%
Südkorea
94%
Albanien
93%
China
93%
Griechenland
93%
Spanien
93%
Türkei
93%
Zypern
93%
Island
92%
Israel
92%
Niederlande
92%
Österreich
91%
Südafrika
91%
Dänemark
90%
Georgien
90%
Indien
90%
Jamaika
90%
Kosovo
90%
Polen
90%
Argentinien
89%
Mexiko
89%
Nordmazedonien
89%
Saudi-Arabien
89%
Ungarn
89%
Vatikanstadt
89%
Vereinigtes Königreich
89%
Bulgarien
87%
Libanon
86%
Malta
86%
Nepal
86%
Tunesien
86%
Vietnam
86%
Elfenbeinküste
85%
Uruguay
85%
Algerien
84%
Bhutan
84%
Bosnien und Herzegowina
84%
Iran
84%
Kenia
84%
Indonesien
83%
Kasachstan
83%
Kroatien
83%
Monaco
83%
Peru
83%
Ägypten
82%
Bangladesch
82%
Venezuela
82%
Malaysia
80%
San Marino
80%
Syrien
80%
Dominikanische Republik
79%
Irak
79%
Nordkorea
79%
Pakistan
78%
Slowakei
78%
Aserbaidschan
77%
Barbados
77%
Estland
77%
Portugal
77%
Singapur
77%
Slowenien
77%
Belarus
76%
Liechtenstein
76%
Panama
76%
Serbien
76%
Luxemburg
75%
Chile
74%
Papua-Neuguinea
74%
Rumänien
74%
Seychellen
74%
Tonga
74%
Jemen
72%
Kambodscha
72%
Trinidad & Tobago
72%
Turkmenistan
72%
Usbekistan
72%
Kamerun
71%
Kuba
71%
Kuwait
71%
Philippinen
71%
Tansania
71%
Vereinigte Arabische Emirate
71%
Honduras
70%
Libyen
70%
Niger
70%
Oman
70%
Palau
70%
Thailand
70%
Burkina Faso
69%
Malediven
69%
Marokko
69%
Mauretanien
69%
Angola
68%
Antigua und Barbuda
68%
Bahrain
68%
Belize
68%
Brunei
68%
Eswatini
68%
Litauen
68%
Myanmar
68%
Afghanistan
67%
Kiribati
67%
Madagaskar
67%
Mosambik
67%
Taiwan
67%
Bahamas
66%
Costa Rica
66%
Kolumbien
66%
Laos
66%
Marshallinseln
66%
Jordanien
64%
Nigeria
64%
Simbabwe
64%
Sri Lanka
64%
Ukraine
64%
Haiti
63%
Liberia
63%
Montenegro
63%
Nicaragua
63%
Andorra
62%
Äthiopien
62%
Ecuador
62%
El Salvador
62%
Eritrea
62%
Gabun
62%
Komoren
62%
Malawi
62%
Paraguay
62%
Lettland
61%
Namibia
61%
Nauru
61%
Ruanda
61%
Somalia
61%
Tadschikistan
61%
Uganda
61%
Armenien
60%
Guyana
60%
Mikronesien
60%
Katar
59%
Senegal
59%
Sudan
59%
Südsudan
59%
Kap Verde
57%
Burundi
56%
Ghana
56%
Äquatorialguinea
55%
Mali
55%
Mongolei
55%
Togo
55%
Tschad
55%
Kongo
54%
Sao Tome & Principe
54%
St. Kitts & Nevis
54%
Vanuatu
54%
Dominica
53%
Samoa
53%
Sierra Leone
53%
Benin
49%
Grenada
49%
Guinea
49%
D.R. Kongo
48%
Mauritius
48%
Bolivien
47%
Guatemala
47%
Lesotho
47%
Fidschi
46%
St. Lucia
46%
Sambia
45%
Moldau
44%
St. Vincent
44%
Suriname
44%
Guinea-Bissau
43%
Tschechische Republik
43%
Tuvalu
41%
Zentralafrikanische Republik
41%
Kirgistan
37%
Gambia
36%
Salomonen
36%
Botsuana
31%
Timor-Leste
26%
Dschibouti
10%

Verteilung der Resultate

Perzentil nach korrekt beantworteten Fragen

Anzahl Personen mit jedem Resultat

Ihre Resultats-Entwicklung

Sie haben dieses Quiz noch nicht gespielt